[Event "5.Mansfelder Schloss-Open"]
[Site "Schloss Mansfeld"]
[Date "2020.07.23"]
[Round "1.1"]
[White "Hourigan, Gerrit"]
[Black "Schomann, Michael"]
[Result "1-0"]
[WhiteElo "2271"]
[BlackElo "1666"]
[PlyCount "77"]
[EventDate "2020.??.??"]

1. d4 d5 2. c4 e6 3. Nf3 Nf6 4. g3 Be7 5. Bg2 O-O 6. O-O c6 7. Qc2 Nbd7 8. Nbd2
h6 9. e4 dxe4 10. Nxe4 Nxe4 11. Qxe4 Nf6 12. Qc2 Bd7 13. b3 Rc8 14. Bb2 Qc7 15.
Rad1 Rfe8 16. Rfe1 a6 17. Ne5 Rcd8 18. h4 Bc8 19. Nd3 Bd6 20. Bf3 Bxg3 21. fxg3
Qxg3+ 22. Qg2 Qxh4 23. Nf2 Qg5 24. Qxg5 hxg5 25. Bc1 Nh7 26. Ne4 f6 27. Ba3 e5
28. Nd6 Re6 29. Nxc8 Rxc8 30. Bg4 Rce8 31. Bxe6+ Rxe6 32. d5 cxd5 33. cxd5 Re8
34. d6 Rd8 35. Rc1 Rd7 36. Rc7 Nf8 37. Rec1 Kf7 38. Rxd7+ Nxd7 39. Rc7 1-0

[Event "5.Mansfelder Schloss-Open"]
[Site "Schloss Mansfeld"]
[Date "2020.07.23"]
[Round "1.2"]
[White "Reuter, Marek"]
[Black "Solberg, Joachim"]
[Result "0-1"]
[WhiteElo "1664"]
[BlackElo "2253"]
[PlyCount "36"]
[EventDate "2020.??.??"]

1. e3 e5 2. e4 Nf6 3. Nc3 d5 4. exd5 Nxd5 5. Bc4 Be6 6. Qf3 c6 7. Nge2 f5 8. d3
Bc5 9. O-O O-O 10. Be3 Bb6 11. Rfe1 Bxe3 12. fxe3 Qd6 13. e4 Nb4 14. Bxe6+ Qxe6
15. exf5 Qd7 16. Rac1 Rxf5 17. Qg4 Rf1+ 18. Rxf1 Qxg4 0-1

[Event "5.Mansfelder Schloss-Open"]
[Site "Schloss Mansfeld"]
[Date "2020.07.23"]
[Round "1.3"]
[White "Hoffmann, Hendrik"]
[Black "Payes, Marco"]
[Result "1-0"]
[WhiteElo "2250"]
[BlackElo "1663"]
[PlyCount "33"]
[EventDate "2020.??.??"]

1. e4 d6 2. d4 Nf6 3. Nc3 Nbd7 4. Bc4 e5 5. Nf3 h6 6. O-O c6 7. a4 a5 8. Re1
Be7 9. h3 Qc7 10. Be3 Nf8 11. Nh4 Nxe4 12. Nxe4 d5 13. Nf3 Ng6 14. Nxe5 Nxe5
15. Bf4 f6 16. dxe5 dxc4 17. Qh5+ 1-0

[Event "5.Mansfelder Schloss-Open"]
[Site "Schloss Mansfeld"]
[Date "2020.07.23"]
[Round "1.4"]
[White "Bachmann, Sylvia"]
[Black "Peschel, Andreas"]
[Result "0-1"]
[WhiteElo "1648"]
[BlackElo "2199"]
[PlyCount "66"]
[EventDate "2020.??.??"]

1. e4 g6 2. d4 Bg7 3. Nf3 c6 4. Bd3 d5 5. e5 Nh6 6. Be3 f6 7. Qd2 Nf7 8. exf6
exf6 9. O-O O-O 10. Nc3 Bg4 11. Ne1 c5 12. Be2 cxd4 13. Bxd4 Bxe2 14. Qxe2 Nc6
15. Rd1 Qa5 16. Qb5 Rfd8 17. Nf3 Rd7 18. Rfe1 Qxb5 19. Nxb5 Nfe5 20. Bxe5 fxe5
21. c4 d4 22. a4 Rf8 23. Ng5 Nb4 24. Ne6 Re8 25. Nxg7 Kxg7 26. f4 Nc2 27. Re4
Kf6 28. Rd2 Kf5 29. Rxe5+ Rxe5 30. fxe5 d3 31. Nc3 Kxe5 32. Kf2 Rf7+ 33. Kg3
Kd4 0-1

[Event "5.Mansfelder Schloss-Open"]
[Site "Schloss Mansfeld"]
[Date "2020.07.23"]
[Round "1.6"]
[White "Udelnov, Valentin"]
[Black "Maltezeanu, Stefan"]
[Result "0-1"]
[WhiteElo "1558"]
[BlackElo "2152"]
[PlyCount "94"]
[EventDate "2020.??.??"]

1. e4 c5 2. Nf3 d6 3. d4 cxd4 4. Nxd4 Nf6 5. Nc3 g6 6. Be3 Bg7 7. f3 h5 8. Bc4
a6 9. Qd2 b5 10. Bb3 Bb7 11. a4 b4 12. Nd5 Nxd5 13. exd5 Qa5 14. c4 bxc3 15.
Qxc3 Qxc3+ 16. bxc3 Nd7 17. a5 O-O 18. Kd2 Rac8 19. Rhc1 Rc7 20. Rab1 Rfc8 21.
Ne2 Ba8 22. Bd4 Ne5 23. Bxe5 Bxe5 24. f4 Bf6 25. Kd3 Rc5 26. c4 Rxa5 27. Rb2
Rb8 28. Nd4 Ra3 29. Rcb1 Bg7 30. Ra2 Rbxb3+ 31. Rxb3 Rxa2 32. Rb8+ Kh7 33. Rxa8
Rxg2 34. Nf3 Bf6 35. Rxa6 Rf2 36. Ke3 Rc2 37. Rc6 Rc3+ 38. Ke4 Kg7 39. Rc7 Ra3
40. h4 Bb2 41. f5 gxf5+ 42. Kf4 Kf6 43. Rc6 Bc1+ 44. Kg3 f4+ 45. Kg2 Ra2+ 46.
Kf1 Be3 47. Ng5 f3 0-1

[Event "5.Mansfelder Schloss-Open"]
[Site "Schloss Mansfeld"]
[Date "2020.07.23"]
[Round "1.7"]
[White "Gazic, Josip"]
[Black "Haubold, Christian Lucas"]
[Result "1-0"]
[WhiteElo "2147"]
[BlackElo "1548"]
[PlyCount "71"]
[EventDate "2020.??.??"]

1. e4 e5 2. Nf3 Nc6 3. Bc4 Bc5 4. d3 d6 5. Nc3 Nf6 6. a3 Bg4 7. Be3 Bb6 8. h3
Bh5 9. g4 Bg6 10. Qe2 h5 11. g5 Nd7 12. Nh4 Bxe3 13. Qxe3 Nd4 14. O-O-O Nb6 15.
Ba2 Qd7 16. Nxg6 fxg6 17. f4 O-O-O 18. fxe5 dxe5 19. h4 Qc6 20. Rd2 Rhf8 21.
Rf2 Na4 22. Nxa4 Rf3 23. Qd2 Qxa4 24. Rhf1 Rh3 25. Kb1 Rxh4 26. c3 Nb3 27. Qc2
Qb5 28. Bxb3 Rf4 29. Rxf4 exf4 30. Rxf4 Qxg5 31. Rf7 h4 32. d4 h3 33. Be6+ Kb8
34. Qh2 Qg2 35. Qxc7+ Ka8 36. Qxd8# 1-0

[Event "5.Mansfelder Schloss-Open"]
[Site "Schloss Mansfeld"]
[Date "2020.07.23"]
[Round "1.9"]
[White "Groebel, Aaron"]
[Black "Serrer, David"]
[Result "1-0"]
[WhiteElo "2117"]
[BlackElo "1516"]
[PlyCount "57"]
[EventDate "2020.??.??"]

1. e4 c5 2. Nf3 Nc6 3. d4 cxd4 4. Nxd4 Nf6 5. Nc3 e5 6. Ndb5 d6 7. Bg5 a6 8.
Na3 b5 9. Nd5 Be7 10. Bxf6 Bxf6 11. c3 O-O 12. Nc2 Rb8 13. Qf3 Bg5 14. h4 Bh6
15. g4 f6 16. Rd1 Ne7 17. Nce3 Bxe3 18. Nxe3 b4 19. Bc4+ Kh8 20. h5 bxc3 21.
bxc3 Qa5 22. O-O Qxc3 23. Rxd6 Bb7 24. h6 Rbc8 25. hxg7+ Kxg7 26. Nf5+ Nxf5 27.
Rd7+ Kh6 28. Qxf5 Bxe4 29. Rxh7# 1-0

[Event "5.Mansfelder Schloss-Open"]
[Site "Schloss Mansfeld"]
[Date "2020.07.23"]
[Round "2.1"]
[White "Westendorp, Christian"]
[Black "Hourigan, Gerrit"]
[Result "0-1"]
[WhiteElo "1861"]
[BlackElo "2271"]
[PlyCount "64"]
[EventDate "2020.??.??"]

1. d4 Nf6 2. c4 e6 3. Bg5 Bb4+ 4. Nd2 h6 5. Bxf6 Qxf6 6. a3 Be7 7. Ngf3 d6 8.
e3 Qg6 9. b4 O-O 10. Qb3 f5 11. h4 Nd7 12. Bd3 e5 13. c5+ Kh8 14. cxd6 cxd6 15.
h5 Qe8 16. dxe5 dxe5 17. Bb5 Bf6 18. e4 a6 19. Be2 Nb6 20. Nh4 Bxh4 21. Rxh4
Be6 22. Qe3 Qc6 23. exf5 Bxf5 24. Nf3 Rae8 25. Rc1 Qf6 26. g3 e4 27. Nd4 Nd5
28. Qd2 Bh7 29. Rh2 e3 30. fxe3 Nxe3 31. Nf3 Ng4 32. Rh4 Qxf3 0-1

[Event "5.Mansfelder Schloss-Open"]
[Site "Schloss Mansfeld"]
[Date "2020.07.23"]
[Round "2.2"]
[White "Solberg, Joachim"]
[Black "Dr.Mahnke, Ralf"]
[Result "1-0"]
[WhiteElo "2253"]
[BlackElo "1870"]
[PlyCount "49"]
[EventDate "2020.??.??"]

1. e4 e5 2. Nf3 Nc6 3. Bc4 Bc5 4. c3 Nf6 5. d3 d6 6. Bb3 O-O 7. h3 a6 8. O-O h6
9. Be3 Ba7 10. Nbd2 d5 11. Bxa7 Rxa7 12. Re1 d4 13. cxd4 exd4 14. Nf1 Na5 15.
Bc2 c5 16. Ng3 b6 17. Nh2 Nc6 18. f4 g6 19. Qf3 Qc7 20. a3 a5 21. Bb3 Ne7 22.
f5 gxf5 23. exf5 Ned5 24. Ng4 Kh7 25. Bxd5 1-0

[Event "5.Mansfelder Schloss-Open"]
[Site "Schloss Mansfeld"]
[Date "2020.07.23"]
[Round "2.3"]
[White "Wietschke, Rolf"]
[Black "Hoffmann, Hendrik"]
[Result "0-1"]
[WhiteElo "1848"]
[BlackElo "2250"]
[PlyCount "58"]
[EventDate "2020.??.??"]

1. Nf3 d5 2. g3 Nf6 3. d4 c5 4. Bg2 Nc6 5. O-O e6 6. c4 Be7 7. cxd5 exd5 8. Nc3
O-O 9. Bg5 cxd4 10. Nxd4 h6 11. Nxc6 bxc6 12. Bd2 Bg4 13. h3 Be6 14. b3 d4 15.
Na4 Bd5 16. Rc1 Re8 17. e3 Ba3 18. Rc2 Bxg2 19. Kxg2 Ne4 20. exd4 Qxd4 21. Be3
Qf6 22. Qf3 Qg6 23. Rc4 Rad8 24. Rd1 Rd5 25. Rxd5 cxd5 26. Rd4 Qc6 27. Qd1 Bd6
28. Qd3 Be5 29. Rxd5 Nf6 0-1

[Event "5.Mansfelder Schloss-Open"]
[Site "Schloss Mansfeld"]
[Date "2020.07.23"]
[Round "2.4"]
[White "Peschel, Andreas"]
[Black "Seifert, Ronny"]
[Result "1/2-1/2"]
[WhiteElo "2199"]
[BlackElo "1858"]
[PlyCount "137"]
[EventDate "2020.??.??"]

1. d4 d5 2. Nf3 c6 3. c4 e6 4. g3 f5 5. Bg2 Nf6 6. O-O Be7 7. Nc3 O-O 8. Qc2
Ne4 9. Ne5 Nd7 10. Nxd7 Bxd7 11. f3 Nxc3 12. Qxc3 Bf6 13. e4 dxe4 14. fxe4 fxe4
15. Bxe4 c5 16. Be3 Bc6 17. Rxf6 Qxf6 18. d5 Qxc3 19. bxc3 exd5 20. cxd5 Rfe8
21. dxc6 Rxe4 22. cxb7 Rb8 23. Bxc5 Rxb7 24. Rf1 h6 25. Rf2 Rf7 26. Rb2 h5 27.
Kg2 g5 28. h3 Rc7 29. Kf3 Re6 30. Bd4 Rf7+ 31. Kg2 Rfe7 32. Rb5 Rg6 33. a4 Re2+
34. Kf3 Re7 35. Rb8+ Kf7 36. Rh8 g4+ 37. hxg4 hxg4+ 38. Kf4 Ke6 39. Ke4 Rf7 40.
Ra8 Rf3 41. Be5 Rg5 42. Re8+ Kd7 43. Rh8 Rf1 44. Rh7+ Kc6 45. Bd4 Ra5 46. Rh6+
Kb7 47. Rg6 Rxa4 48. Rxg4 Rc1 49. Kd3 Rd1+ 50. Kc2 Rf1 51. Rg7+ Kb8 52. Kd3
Rd1+ 53. Ke4 Rc1 54. Kd5 Ra3 55. Kc4 Ra2 56. g4 a5 57. Kc5 Rac2 58. g5 Rxc3+
59. Bxc3 Rxc3+ 60. Kd6 a4 61. Ke6 a3 62. Rh7 Re3+ 63. Kf7 Kb7 64. g6 Rf3+ 65.
Ke6+ Kb6 66. Rh8 Kb5 67. Rh1 Rg3 68. Kf7 Kb4 69. g7 1/2-1/2

[Event "5.Mansfelder Schloss-Open"]
[Site "Schloss Mansfeld"]
[Date "2020.07.23"]
[Round "2.5"]
[White "Dr.Steudner, Reinhold"]
[Black "Schulte, Felix"]
[Result "0-1"]
[WhiteElo "1836"]
[BlackElo "2176"]
[PlyCount "92"]
[EventDate "2020.??.??"]

1. d4 Nf6 2. Nc3 d5 3. Bg5 Nbd7 4. Nf3 c6 5. e3 g6 6. Bd3 Bg7 7. O-O O-O 8. e4
dxe4 9. Nxe4 Nxe4 10. Bxe4 Nf6 11. Bd3 Bg4 12. Be2 Ne4 13. Be3 Qc7 14. c3 Rad8
15. Qc2 Nd6 16. Rad1 Nf5 17. Bg5 h6 18. Bc1 Nd6 19. h3 Bc8 20. Bf4 c5 21. dxc5
Qxc5 22. Bd3 b6 23. Be3 Qc6 24. Qc1 Kh7 25. Nd4 Qa8 26. Be2 Bb7 27. Nf3 Nf5 28.
Bf4 e5 29. Bd2 e4 30. Ne1 Rfe8 31. Bc4 Qc8 32. Bxf7 Re7 33. Bb3 Ba6 34. c4 Nd4
35. Kh1 Qf5 36. Be3 Ne2 37. Qc2 Rxd1 38. Qxd1 Ng3+ 39. Kg1 Nxf1 40. Kxf1 Rd7
41. Qc1 Qe5 42. Kg1 Qxb2 43. Qxb2 Bxb2 44. Nc2 Rc7 45. Bf4 Rc8 46. Ne3 Bc1 0-1

[Event "5.Mansfelder Schloss-Open"]
[Site "Schloss Mansfeld"]
[Date "2020.07.23"]
[Round "2.6"]
[White "Maltezeanu, Stefan"]
[Black "Ziervogel, Alexander"]
[Result "1-0"]
[WhiteElo "2152"]
[BlackElo "1847"]
[PlyCount "89"]
[EventDate "2020.??.??"]

1. e4 c6 2. d4 d5 3. Nd2 dxe4 4. Nxe4 Bf5 5. Ng3 Bg6 6. h4 h6 7. Nf3 Nd7 8. h5
Bh7 9. Bd3 Bxd3 10. Qxd3 e6 11. Bd2 Ngf6 12. O-O-O Be7 13. Kb1 O-O 14. Nf1 Ng4
15. Qe2 Ndf6 16. Ne3 Nxe3 17. Bxe3 Qd5 18. Ne5 c5 19. Ng4 Qf5 20. Nxf6+ Qxf6
21. dxc5 Qe5 22. Qg4 f5 23. Qd4 Qxd4 24. Bxd4 Rfc8 25. b4 a5 26. a3 axb4 27.
axb4 Ra4 28. c3 Rca8 29. Kb2 Ra2+ 30. Kb3 Kf7 31. Be5 Bf6 32. Bxf6 Kxf6 33.
Rhf1 R8a3+ 34. Kc4 Rc2 35. Rd3 Kg5 36. Kb5 Raxc3 37. Rxc3 Rxc3 38. Kb6 Rb3 39.
b5 Kxh5 40. Rd1 e5 41. Rd7 e4 42. Rxb7 f4 43. Re7 e3 44. fxe3 fxe3 45. c6 1-0

[Event "5.Mansfelder Schloss-Open"]
[Site "Schloss Mansfeld"]
[Date "2020.07.23"]
[Round "2.7"]
[White "Pikalow, Michael"]
[Black "Gazic, Josip"]
[Result "1-0"]
[WhiteElo "1823"]
[BlackElo "2147"]
[PlyCount "39"]
[EventDate "2020.??.??"]

1. e4 e6 2. Nc3 a6 3. d4 c5 4. Nf3 b5 5. d5 Bb7 6. dxe6 fxe6 7. Ne5 Nf6 8. Be2
Qc7 9. Bf4 d6 10. Bh5+ g6 11. Nxg6 hxg6 12. Bxg6+ Kd8 13. Bg5 Be7 14. e5 Nd5
15. exd6 Bxg5 16. dxc7+ Kxc7 17. Qg4 Bh6 18. Qxe6 Nf4 19. Qe5+ Kb6 20. Qxh8 1-0

[Event "5.Mansfelder Schloss-Open"]
[Site "Schloss Mansfeld"]
[Date "2020.07.23"]
[Round "2.8"]
[White "Just, Wolfgang"]
[Black "Schmidt, Alexander"]
[Result "1-0"]
[WhiteElo "2138"]
[BlackElo "1833"]
[PlyCount "77"]
[EventDate "2020.??.??"]

1. e4 e5 2. Nf3 Nc6 3. Nc3 Nf6 4. Bc4 Bb4 5. d3 h6 6. Bd2 O-O 7. a3 Be7 8. Nd5
d6 9. h3 Be6 10. Nxe7+ Qxe7 11. Bxe6 fxe6 12. Qe2 Nd4 13. Nxd4 exd4 14. O-O-O
c5 15. g4 b5 16. g5 hxg5 17. Bxg5 a5 18. e5 dxe5 19. Qxe5 a4 20. Rde1 Ra6 21.
Rhg1 b4 22. axb4 a3 23. bxa3 cxb4 24. Bxf6 Qxf6 25. axb4 Qh6+ 26. Kb2 Rfa8 27.
Rg5 Ra2+ 28. Kb3 R8a3+ 29. Kc4 Rxc2+ 30. Kb5 Rxf2 31. Qxe6+ Qxe6 32. Rxe6 Rxd3
33. h4 Rh3 34. h5 d3 35. h6 d2 36. Rxg7+ Kf8 37. Rd7 Rh1 38. Red6 Ke8 39. Rd3
1-0

[Event "5.Mansfelder Schloss-Open"]
[Site "Schloss Mansfeld"]
[Date "2020.07.23"]
[Round "2.9"]
[White "Kageler, Anton Paul"]
[Black "Groebel, Aaron"]
[Result "0-1"]
[WhiteElo "1730"]
[BlackElo "2117"]
[PlyCount "46"]
[EventDate "2020.??.??"]

1. e4 e5 2. Nf3 Nc6 3. Bb5 Nge7 4. Nc3 Ng6 5. h4 Nd4 6. Ba4 c6 7. h5 Nf4 8. g3
Nxf3+ 9. Qxf3 Ne6 10. Bb3 Be7 11. Ne2 O-O 12. c3 Nc5 13. Bc2 d5 14. d3 f5 15.
O-O fxe4 16. Qe3 Rf3 17. Qd2 exd3 18. Nd4 exd4 19. Bd1 Ne4 20. Qe1 Bg4 21. Bxf3
Bxf3 22. cxd4 Qe8 23. g4 Qd7 0-1

[Event "5.Mansfelder Schloss-Open"]
[Site "Schloss Mansfeld"]
[Date "2020.07.23"]
[Round "2.10"]
[White "Geue, Niklas"]
[Black "Haubold, Sebastian Marcel"]
[Result "1-0"]
[WhiteElo "2043"]
[BlackElo "1800"]
[PlyCount "53"]
[EventDate "2020.??.??"]

1. b3 Nf6 2. Bb2 d5 3. e3 e6 4. f4 c5 5. Nf3 Nc6 6. Bb5 a6 7. Bxc6+ bxc6 8. O-O
g6 9. Nc3 Bg7 10. Na4 Qa5 11. Ne5 Bb7 12. Nd3 c4 13. Ndc5 cxb3 14. Nxb7 Qxa4
15. Nd6+ Kd7 16. axb3 Qb4 17. Nxf7 Rhe8 18. Ra4 Qb7 19. Qa1 Ke7 20. Ne5 c5 21.
Qa3 Rec8 22. Ra1 a5 23. Rxa5 Rxa5 24. Qxa5 Rc7 25. Ra4 Ke8 26. Ba3 Ne4 27. d3
1-0

[Event "5.Mansfelder Schloss-Open"]
[Site "Schloss Mansfeld"]
[Date "2020.07.24"]
[Round "3.1"]
[White "Hourigan, Gerrit"]
[Black "Geue, Niklas"]
[Result "1-0"]
[WhiteElo "2271"]
[BlackElo "2043"]
[PlyCount "75"]
[EventDate "2020.??.??"]

1. d4 Nf6 2. c4 e6 3. Nf3 d5 4. g3 Be7 5. Bg2 O-O 6. O-O dxc4 7. Qc2 a6 8. Qxc4
b5 9. Qc2 Bb7 10. Bd2 Be4 11. Qc1 c6 12. Rd1 Qb6 13. a4 Nbd7 14. Nc3 Bg6 15. a5
Qc7 16. b4 Rac8 17. Qb2 Nd5 18. Rac1 Qd6 19. Na2 Be4 20. Bf1 Bxf3 21. exf3 e5
22. dxe5 Nxe5 23. Qb3 Rfd8 24. f4 Nd7 25. Bg2 N7f6 26. Bc3 Qe6 27. Re1 Qd7 28.
Rcd1 Qa7 29. Ba1 h6 30. Rd4 c5 31. Rxd5 Nxd5 32. Bxd5 c4 33. Qf3 c3 34. Bxc3
Rxc3 35. Nxc3 Bxb4 36. Rd1 Bxa5 37. f5 Qc5 38. Ne4 1-0

[Event "5.Mansfelder Schloss-Open"]
[Site "Schloss Mansfeld"]
[Date "2020.07.24"]
[Round "3.2"]
[White "Groebel, Aaron"]
[Black "Solberg, Joachim"]
[Result "1/2-1/2"]
[WhiteElo "2117"]
[BlackElo "2253"]
[PlyCount "48"]
[EventDate "2020.??.??"]

1. e4 c5 2. Nf3 Nc6 3. d4 cxd4 4. Nxd4 Nf6 5. Nc3 e5 6. Ndb5 d6 7. Bg5 a6 8.
Na3 b5 9. Nd5 Be7 10. Bxf6 Bxf6 11. c3 O-O 12. Nc2 Bg5 13. h4 Bh6 14. g4 Bf4
15. Qf3 Be6 16. Rd1 Rb8 17. g5 a5 18. Rg1 b4 19. cxb4 Nxb4 20. Ncxb4 axb4 21.
Bc4 Kh8 22. Qh5 Rc8 23. Bb3 Bxd5 24. Bxd5 Qe7 1/2-1/2

[Event "5.Mansfelder Schloss-Open"]
[Site "Schloss Mansfeld"]
[Date "2020.07.24"]
[Round "3.3"]
[White "Hoffmann, Hendrik"]
[Black "van der Hoeven, Gerben"]
[Result "1/2-1/2"]
[WhiteElo "2250"]
[BlackElo "1964"]
[PlyCount "102"]
[EventDate "2020.??.??"]

1. e4 c5 2. Nf3 d6 3. d4 cxd4 4. Nxd4 e5 5. Bb5+ Nd7 6. Nf5 a6 7. Ba4 b5 8. Bb3
Nc5 9. Bd5 Bxf5 10. exf5 Rc8 11. O-O Qd7 12. Nc3 Qxf5 13. f4 e4 14. Bxe4 Nxe4
15. Nxe4 d5 16. Ng3 Qxc2 17. Re1+ Be7 18. Qg4 g6 19. f5 h5 20. Qd4 Qc5 21. Be3
Qxd4 22. Bxd4 Rh7 23. f6 Rc4 24. Rad1 Rxd4 25. Rxd4 Nxf6 26. Rd3 Kd7 27. h3 h4
28. Ne4 Nxe4 29. Rxe4 Rh5 30. Rf4 Bc5+ 31. Kf1 Ke6 32. Rc3 Bd6 33. Rff3 d4 34.
Rc6 a5 35. Ra6 a4 36. Ke2 Rg5 37. Rf2 Rg3 38. Kf1 d3 39. Rf3 d2 40. Ke2 Rxg2+
41. Kd1 Rg3 42. Rf2 Rd3 43. Rxd2 Rxd2+ 44. Kxd2 g5 45. Ke3 Kd5 46. Ra8 f6 47.
Rd8 Kc5 48. Ke4 Be5 49. Rc8+ Kb4 50. Rc2 Ka5 51. Rd2 Kb6 1/2-1/2

[Event "5.Mansfelder Schloss-Open"]
[Site "Schloss Mansfeld"]
[Date "2020.07.24"]
[Round "3.4"]
[White "Schulte, Felix"]
[Black "Schlierf, Heiko"]
[Result "1-0"]
[WhiteElo "2176"]
[BlackElo "1903"]
[PlyCount "69"]
[EventDate "2020.??.??"]

1. d4 Nf6 2. c4 c5 3. d5 b5 4. cxb5 a6 5. f3 axb5 6. e4 Qb6 7. e5 Ng8 8. Be3 d6
9. Nc3 dxe5 10. Bxb5+ Bd7 11. Bxd7+ Nxd7 12. Qd2 f5 13. Nge2 Ngf6 14. O-O g6
15. Rab1 Qa6 16. a4 Kf7 17. b3 Bg7 18. Nb5 Rhc8 19. d6 Ne8 20. dxe7 Kxe7 21.
Rfd1 Ndf6 22. Qc3 Nd7 23. Rd5 Nef6 24. Bxc5+ Rxc5 25. Rxc5 Qb6 26. b4 Rxa4 27.
Kh1 Nxc5 28. bxc5 Qe6 29. c6 Nd5 30. Qc5+ Kf6 31. Rd1 Bh6 32. h3 Be3 33. Qxd5
Qxd5 34. Rxd5 Rc4 35. c7 1-0

[Event "5.Mansfelder Schloss-Open"]
[Site "Schloss Mansfeld"]
[Date "2020.07.24"]
[Round "3.5"]
[White "Thieme, Daniel Otis"]
[Black "Maltezeanu, Stefan"]
[Result "0-1"]
[WhiteElo "2033"]
[BlackElo "2152"]
[PlyCount "64"]
[EventDate "2020.??.??"]

1. Nf3 d5 2. g3 Bg4 3. Bg2 e6 4. O-O Nf6 5. c4 c6 6. b3 Be7 7. Bb2 Nbd7 8. d3
O-O 9. h3 Bh5 10. g4 Bg6 11. Nh4 Qc7 12. Nxg6 hxg6 13. Nc3 d4 14. Ne4 Nxe4 15.
Bxe4 c5 16. Qe1 Bh4 17. e3 f5 18. Bg2 Ne5 19. exd4 Nxd3 20. Qxe6+ Kh7 21. gxf5
Rxf5 22. Qe4 Bxf2+ 23. Kh1 Qg3 24. Rad1 Nxb2 25. Rd2 Bxd4 26. Rxf5 gxf5 27.
Qxf5+ Qg6 28. Qf1 Re8 29. Bd5 Re3 30. Bf7 Qe4+ 31. Kh2 Be5+ 32. Kg1 Re1 0-1

[Event "5.Mansfelder Schloss-Open"]
[Site "Schloss Mansfeld"]
[Date "2020.07.24"]
[Round "3.6"]
[White "Reuter, Elisa"]
[Black "Just, Wolfgang"]
[Result "0-1"]
[WhiteElo "1921"]
[BlackElo "2138"]
[PlyCount "92"]
[EventDate "2020.??.??"]

1. e4 e6 2. d4 d5 3. Nc3 Bb4 4. e5 c5 5. a3 Ba5 6. Qg4 Kf8 7. Nf3 Nc6 8. Qf4
cxd4 9. Nxd4 Bxc3+ 10. bxc3 Nge7 11. Nxc6 Nxc6 12. Be3 Qa5 13. Bd4 Bd7 14. Bd3
Nxd4 15. Qxd4 Rc8 16. Qb4+ Qxb4 17. cxb4 Ba4 18. Kd2 a6 19. Rac1 Ke7 20. c3 Rc7
21. Ke3 Rhc8 22. Kd4 Bb3 23. Rhf1 Bc4 24. f4 Bxd3 25. Kxd3 Rc4 26. Kd2 f6 27.
g3 Kf7 28. exf6 gxf6 29. Rfe1 R8c6 30. Re3 Kg6 31. Rce1 Kf5 32. R1e2 h5 33. Rd3
b5 34. Rde3 a5 35. Rd3 axb4 36. axb4 Ra6 37. Ke1 Re4 38. Rde3 Rxe3 39. Rxe3 Ra2
40. h3 e5 41. fxe5 fxe5 42. g4+ Kf4 43. Rd3 Ke4 44. Rd2 Rxd2 45. Kxd2 hxg4 46.
hxg4 Kf4 0-1

[Event "5.Mansfelder Schloss-Open"]
[Site "Schloss Mansfeld"]
[Date "2020.07.24"]
[Round "3.7"]
[White "Seifert, Ronny"]
[Black "Pikalow, Michael"]
[Result "0-1"]
[WhiteElo "1858"]
[BlackElo "1823"]
[PlyCount "66"]
[EventDate "2020.??.??"]

1. d4 Nf6 2. Nf3 c5 3. e3 d5 4. c3 Nc6 5. Bd3 Bg4 6. Qa4 Bd7 7. Qd1 Qc7 8. Nbd2
O-O-O 9. Qe2 Bg4 10. h3 Bh5 11. g4 Bg6 12. Bxg6 hxg6 13. Qf1 cxd4 14. Nxd4 e5
15. Nxc6 Qxc6 16. Qg2 Qb5 17. g5 Ne4 18. Nxe4 dxe4 19. Qxe4 Qd7 20. Qf3 e4 21.
Qe2 Kb8 22. Bd2 Qe6 23. b3 Ba3 24. Rd1 Rxh3 25. Rxh3 Qxh3 26. Qf1 Qg4 27. Qh1
a5 28. b4 Rd5 29. Qh2+ Ka7 30. Qc7 Rf5 31. Qg3 Qh5 32. Qg2 Rxg5 33. Qf1 Qf3 0-1

[Event "5.Mansfelder Schloss-Open"]
[Site "Schloss Mansfeld"]
[Date "2020.07.24"]
[Round "3.9"]
[White "Dr.Mahnke, Ralf"]
[Black "Payes, Marco"]
[Result "1-0"]
[WhiteElo "1870"]
[BlackElo "1663"]
[PlyCount "83"]
[EventDate "2020.??.??"]

1. d4 Nf6 2. c4 c5 3. d5 d6 4. Nc3 e6 5. e4 exd5 6. exd5 Be7 7. Nf3 Bf5 8. Bd3
Bg4 9. h3 Bh5 10. O-O O-O 11. Re1 Nbd7 12. Bf4 a6 13. a4 Re8 14. g4 Bg6 15.
Bxg6 hxg6 16. Qd3 Nh7 17. Re2 Ndf6 18. Rae1 Qd7 19. Nd2 Kf8 20. Nde4 Nxe4 21.
Nxe4 Nf6 22. Qg3 Nxe4 23. Rxe4 g5 24. Rxe7 gxf4 25. Rxe8+ Rxe8 26. Rxe8+ Kxe8
27. Qxf4 b5 28. axb5 axb5 29. cxb5 Ke7 30. b6 Qb5 31. Qg5+ Ke8 32. Qxg7 Qxb6
33. g5 Qb3 34. Qh8+ Ke7 35. Qf6+ Ke8 36. Qxd6 Qxh3 37. Qe5+ Kd7 38. Qf4 Ke8 39.
Qe3+ Qxe3 40. fxe3 Ke7 41. Kf2 Kd6 42. e4 1-0

[Event "5.Mansfelder Schloss-Open"]
[Site "Schloss Mansfeld"]
[Date "2020.07.24"]
[Round "3.10"]
[White "Westendorp, Christian"]
[Black "Schumann, Falko"]
[Result "1-0"]
[WhiteElo "1861"]
[BlackElo "1661"]
[PlyCount "81"]
[EventDate "2020.??.??"]

1. d4 Nf6 2. c4 g6 3. Nc3 Bg7 4. e4 d6 5. f4 O-O 6. Nf3 c5 7. d5 Bg4 8. Be3
Nfd7 9. h3 Bxf3 10. Qxf3 Qc7 11. Be2 Re8 12. g4 Nf8 13. f5 Nbd7 14. g5 Bd4 15.
Nb5 Qa5+ 16. Bd2 Qb6 17. Nxd4 cxd4 18. b4 Ne5 19. Qg3 d3 20. c5 dxc5 21. Qxe5
dxe2 22. bxc5 Qxc5 23. Bc3 f6 24. gxf6 Kf7 25. fxg6+ Nxg6 26. Qe6+ Kf8 27. Rc1
Qe3 28. Bd2 Qg3+ 29. Kxe2 Qg2+ 30. Kd3 Qf3+ 31. Kc2 Rac8+ 32. Kb2 Qxf6+ 33. Bc3
Qxe6 34. dxe6 Kg8 35. Rhg1 Rf8 36. h4 Rc5 37. Bd4 Rb5+ 38. Ka1 a6 39. Rg4 Rf4
40. Rxf4 Nxf4 41. Rc8# 1-0

[Event "5.Mansfelder Schloss-Open"]
[Site "Schloss Mansfeld"]
[Date "2020.07.24"]
[Round "4.1"]
[White "Maltezeanu, Stefan"]
[Black "Hourigan, Gerrit"]
[Result "1-0"]
[WhiteElo "2152"]
[BlackElo "2271"]
[PlyCount "73"]
[EventDate "2020.??.??"]

1. e4 c5 2. Nf3 d6 3. d4 cxd4 4. Nxd4 Nf6 5. Nc3 a6 6. Bg5 Nbd7 7. Bc4 Qa5 8.
Qd2 e6 9. f3 b5 10. Bb3 Bb7 11. O-O-O Be7 12. Kb1 b4 13. Na4 Nxe4 14. fxe4 Bxg5
15. Qe1 Bf6 16. a3 Qe5 17. Qxb4 Rb8 18. Nf3 Qxe4 19. Qxd6 Qc6 20. Qd3 Rd8 21.
Nd4 Qe4 22. Qxe4 Bxe4 23. Rhe1 Bxd4 24. Rxe4 Ba7 25. Rb4 O-O 26. Rb7 Nc5 27.
Rxd8 Nxb7 28. Rd7 Rb8 29. Bc4 Nc5 30. Rxa7 Nxa4 31. b4 Nc3+ 32. Kb2 Nd1+ 33.
Kb3 Ne3 34. Bxa6 Nxg2 35. c4 Nf4 36. c5 e5 37. c6 1-0

[Event "5.Mansfelder Schloss-Open"]
[Site "Schloss Mansfeld"]
[Date "2020.07.24"]
[Round "4.2"]
[White "Pikalow, Michael"]
[Black "Schulte, Felix"]
[Result "1-0"]
[WhiteElo "1823"]
[BlackElo "2176"]
[PlyCount "63"]
[EventDate "2020.??.??"]

1. e4 b6 2. d4 Bb7 3. Bd3 e6 4. Qe2 d6 5. f4 c5 6. c3 Nd7 7. Nf3 Qc7 8. Be3
Ngf6 9. Nbd2 Be7 10. a4 a6 11. O-O Ng4 12. e5 Nxe3 13. Qxe3 g6 14. g4 h5 15. f5
gxf5 16. gxf5 Rg8+ 17. Kf2 dxe5 18. dxe5 O-O-O 19. f6 Bf8 20. Rg1 Rg4 21. h3
Rxg1 22. Rxg1 c4 23. Nxc4 Bc5 24. Nd4 b5 25. axb5 axb5 26. Nd6+ Bxd6 27. exd6
Qxd6 28. Nxb5 Qh2+ 29. Kf1 Qxb2 30. Qf4 e5 31. Qc4+ Kb8 32. Qc7+ 1-0

[Event "5.Mansfelder Schloss-Open"]
[Site "Schloss Mansfeld"]
[Date "2020.07.24"]
[Round "4.4"]
[White "van der Hoeven"]
[Black "Groebel, Aaron"]
[Result "1-0"]
[WhiteElo "1964"]
[BlackElo "2117"]
[PlyCount "73"]
[EventDate "2020.??.??"]

1. e4 e5 2. Nf3 Nc6 3. c3 d5 4. Qa4 dxe4 5. Nxe5 Qd5 6. Nxc6 bxc6 7. Bc4 Qd7 8.
d3 Bd6 9. dxe4 Nf6 10. O-O O-O 11. Be2 Re8 12. Bf3 Ng4 13. g3 Rb8 14. Nd2 Rb5
15. Qd1 h5 16. c4 Rg5 17. Bg2 Rg6 18. Nf3 Bc5 19. Qc2 Qe7 20. Bf4 Re6 21. e5 f6
22. exf6 Nxf6 23. Ng5 Re2 24. Qg6 Be6 25. Bxc6 Bf7 26. Nxf7 Qxf7 27. Qxf7+ Kxf7
28. Bxe8+ Nxe8 29. b3 Nf6 30. Bxc7 Ng4 31. h3 Nxf2 32. b4 Bd4 33. Rad1 Be3 34.
Rde1 Rxe1 35. Rxe1 Bd4 36. Rf1 Ke6 37. Rxf2 1-0

[Event "5.Mansfelder Schloss-Open"]
[Site "Schloss Mansfeld"]
[Date "2020.07.24"]
[Round "4.5"]
[White "Solberg, Joachim"]
[Black "Thieme, Daniel Otis"]
[Result "1-0"]
[WhiteElo "2253"]
[BlackElo "2033"]
[PlyCount "25"]
[EventDate "2020.??.??"]

1. e4 c6 2. d4 d5 3. Nc3 dxe4 4. Nxe4 Nf6 5. Nxf6+ exf6 6. c3 Bd6 7. Bd3 O-O 8.
Qc2 Re8+ 9. Ne2 h6 10. Be3 Qc7 11. h3 c5 12. O-O b6 13. d5 1-0